Normal view
MARC view
Entry Personal Name
001 - CONTROL NUMBER
- control field: 59485
003 - CONTROL NUMBER IDENTIFIER
- control field: dpl
005 - DATE AND TIME OF LATEST TRANSACTION
- control field: 20231204163416.0
008 - FIXED-LENGTH DATA ELEMENTS
- fixed length control field: 231204|| aca||aabn | a|a d
040 ## - CATALOGING SOURCE
- Original cataloging agency: dpl
- Transcribing agency: dpl
100 ## - HEADING--PERSONAL NAME
- Personal name: सुमित्र शंकर
670 ## - SOURCE DATA FOUND
- Source citation: Work cat.: (dpl)199473: सुमित्र शंकर, नष्ट वन के अमलतास / , 2006
